书目信息 |
| 题名: |
元好问诗选译
|
|
| 作者: | 元好问 著 ;郑力民 译注 | |
| 分册: | ||
| 出版信息: | 成都 巴蜀书社 1991.10 |
|
| 页数: | 237页 | |
| 开本: | 19cm | |
| 丛书名: | 古代文史名著选译丛书 | |
| 单 册: | ||
| 中图分类: | I222.747 , I211 | |
| 科图分类: | ||
| 主题词: | 古典诗歌--中国--元代--选集 , 古典诗歌 , 文学--作品集--中国 | |
| 电子资源: | ||
| ISBN: | 7-80523-358-6 | |
| 000 | 00914oam2 2200301 450 | |
| 001 | 1531869160 | |
| 005 | 20150125085132.57 | |
| 010 | @a7-80523-358-6 | |
| 100 | @a19920527d1991 em y0chiy0110 ea | |
| 101 | 0 | @achi |
| 102 | @aCN@b510000 | |
| 105 | @af z 000gy | |
| 200 | 1 | @a元好问诗选译@9yuan hao wen shi xuan yi@f(元)元好问著@g郑力民译注 |
| 210 | @a成都@c巴蜀书社@d1991.10 | |
| 215 | @a237页@c插图@d19cm | |
| 225 | 2 | @a古代文史名著选译丛书@i宋元明清@f章培恒主编 |
| 300 | @a国家教委古籍整理“七·五”规划重点项目 | |
| 461 | 0 | @12001 @a古代文史名著选译丛书 |
| 462 | 0 | @12001 @a宋元明清 |
| 606 | 0 | @a古典诗歌@y中国@z元代@x选集 |
| 606 | 0 | @a古典诗歌 |
| 606 | 0 | @a文学@x作品集@x中国 |
| 690 | @aI222.747@v三版 | |
| 690 | @aI211@v4 | |
| 701 | 0 | @c(金)@a元好问@9yuan hao wen@f(1190~1257)@4著 |
| 702 | 0 | @a郑力民@9zheng li min@4译注 |
| 801 | 0 | @aCN@bTSSF@c20150125 |
| 905 | @aZUCC@dI211@eJY102 | |
| 元好问诗选译/(元)元好问著/郑力民译注.-成都:巴蜀书社,1991.10 |
| 237页:插图;19cm.-(古代文史名著选译丛书.宋元明清/章培恒主编) |
| 国家教委古籍整理“七·五”规划重点项目 |
| ISBN 7-80523-358-6: |
| ● |
| 相关链接 |
|
|
|
|
正题名:元好问诗选译
索取号:I211/JY102
 
预约/预借
| 序号 | 登录号 | 条形码 | 馆藏地/架位号 | 状态 | 备注 |
| 1 | 7854189 | 278541892 | 学院路分馆/ [索取号:I211/JY102] | 在馆 | |
| 2 | 7854190 | 278541909 | 学院路分馆/ [索取号:I211/JY102] | 在馆 |